Подробности
| 000 -МАРКЕР |
| контрольное поле |
02682nam2a22003371 4500 |
| 001 - ИДЕНТИФИКАТОР ЗАПИСИ |
| контрольное поле |
v19\rc\1401726 |
| 005 - ИДЕНТИФИКАТОР ВЕРСИИ |
| контрольное поле |
20060512125648.3 |
| 035 ## - ДРУГИЕ СИСТЕМНЫЕ НОМЕРА |
| Идентификатор записи |
(NLR Aleph) 004532004 |
| 100 ## - ДАННЫЕ ОБЩЕЙ ОБРАБОТКИ |
| Данные общей обработки |
20060512d1878 |||y0rusy50 ca |
| 101 1# - ЯЗЫК РЕСУРСА |
| Язык текста, звукозаписи и т.д. |
русский |
| Язык оригинала |
не определено |
| 102 ## - СТРАНА ПУБЛИКАЦИИ ИЛИ ПРОИЗВОДСТВА |
| Страна публикации |
Российская Федерация |
| 105 ## - ПОЛЕ КОДИРОВАННЫХ ДАННЫХ: ТЕКСТОВЫЕ МАТЕРИАЛЫ, МОНОГРАФИЧЕСКИЕ |
| Кодированные данные о монографическом текстовом документе |
y z ||||| |
| 200 1# - ЗАГЛАВИЕ И СВЕДЕНИЯ ОБ ОТВЕТСТВЕННОСТИ |
| Основное заглавие |
От Бэкона до смерти Песталоцци (1561-1827) |
| Сведения, относящиеся к заглавию |
Пер. с 3-го изд., по ред. Н.Х. Весселя |
| 210 ## - ПУБЛИКАЦИЯ, РАСПРОСТРАНЕНИЕ И ДР. |
| Дата издания, распространения и т.д. |
1878 |
| 215 ## - ФИЗИЧЕСКАЯ ХАРАКТЕРИСТИКА |
| Специфическое обозначение материала и объем |
[2], IV, 704 с. |
| 311 ## - ПРИМЕЧАНИЯ, ОТНОСЯЩИЕСЯ К ПОЛЯМ СВЯЗИ (ПРИМЕЧАНИЯ О СВЯЗИ С ДРУГИМИ ПРОИЗВЕДЕНИЯМИ (ИЗДАНИЯМИ)) |
| Текст примечания |
Прил. к Пед. сборнику, изд. при Гл. упр. воен.-учеб. заведений. 1875, кн. 5-8, 11-12; 1876, кн. 1-12; 1877, кн. 1-6 |
| 316 ## - ПРИМЕЧАНИЯ ОБ ОСОБЕННОСТЯХ ЭКЗЕМПЛЯРА |
| Текст примечания |
Экз. РНБ (П28/560): припл. |
| Организация и экземпляр, к которому относится поле |
NLR: П28/560 |
| 422 #0 - ИЗДАНИЕ, К КОТОРОМУ ОТНОСИТСЯ ПРИЛОЖЕНИЕ |
| Встроенное поле |
2001#$aПедагогический сборник, издаваемый при Главном управлении военно-учебных заведений$v1875, кн. 5-8, 11-12; 1876, кн. 1-12; 1877, кн. 1-6 |
| Заглавие |
Педагогический сборник, издаваемый при Главном управлении военно-учебных заведений |
| 461 #0 - УРОВЕНЬ НАБОРА |
| Встроенное поле |
001v19\rc\1401724 |
| -- |
2001#$aИстория воспитания и учения от возрождения классицизма до нашего времени$f[Соч.] Карла Раумера$gПер. под ред. Н.Х. Весселя. Ч. [1]-2$vЧ. 2 |
| -- |
700#1$aРаумер$bК.Г.$f1783-1865$gКарл Георг |
| Системный номер (АБИС) связанной записи |
1883302 |
| Автор |
Раумер, К. Г. (1783-1865) |
| Место публикации |
Санкт-Петербург |
| Дата публикации |
1873-1878 |
| Первые сведения об ответственности |
[Соч.] Карла Раумера |
| Имя издателя, распространителя и т.д. |
тип. В.С. Балашева |
| Физическая характеристика |
2 т. |
| Заглавие |
История воспитания и учения от возрождения классицизма до нашего времени |
| Номер тома |
Ч. 2 |
| 482 #0 - ПРИПЛЕТЕНО К |
| Встроенное поле |
2001#$aПедагогический сборник, издаваемый при Главном управлении военно-учебных заведений$v1875, кн. 5-8, 11-12; 1876, кн. 1-12; 1877, кн. 1-6 |
| Заглавие |
Педагогический сборник, издаваемый при Главном управлении военно-учебных заведений |
| 702 #1 - ИМЯ ЛИЦА - ВТОРИЧНАЯ ОТВЕТСТВЕННОСТЬ |
| Начальный элемент ввода |
Вессель |
| Часть имени, кроме начального элемента ввода |
Н. Х. |
| Даты |
1834-1906 |
| Расширение инициалов личного имени |
Николай Христианович |
| Код отношения |
Редактор |
| 702 #1 - ИМЯ ЛИЦА - ВТОРИЧНАЯ ОТВЕТСТВЕННОСТЬ |
| Начальный элемент ввода |
Песталоцци |
| Часть имени, кроме начального элемента ввода |
И. Г. |
| Даты |
1746-1827 |
| Расширение инициалов личного имени |
Иоганн Генрих |
| Код отношения |
Прочие |
| 702 #1 - ИМЯ ЛИЦА - ВТОРИЧНАЯ ОТВЕТСТВЕННОСТЬ |
| Код отношения |
Прочие |
| Графика поля |
Кириллица |
| Материалы, к которым относится поле |
rus |
| Начальный элемент ввода |
Бэкон |
| Часть имени, кроме начального элемента ввода |
Ф. |
| Дополнения к именам, кроме дат |
философ |
| Даты |
1561-1626 |
| Расширение инициалов личного имени |
Фрэнсис |
| Системный номер авторитетной/нормативной записи |
32365 |
| Идентификатор авторитетной/нормативной записи |
RU\NLR\AUTH\7749430 |
| 801 #0 - ИСТОЧНИК ЗАПИСИ |
| Страна |
Российская Федерация |
| Организация |
NLR |
| Правила каталогизации |
psbo |
| 801 #0 - ИСТОЧНИК ЗАПИСИ |
| Страна |
Российская Федерация |
| Организация |
RuMoRGB |
| Источник данных |
psbo |
| 801 #1 - ИСТОЧНИК ЗАПИСИ |
| Страна |
Российская Федерация |
| Организация |
ProSoft-M |
| Источник данных |
rusmarc |
| 852 ## - МЕСТОНАХОЖДЕНИЕ И ШИФР ХРАНЕНИЯ |
| Идентификатор организации |
NLR |
| Шифр хранения (Call Number) |
П28/560 |
| 899 ## - ДАННЫЕ О МЕСТОНАХОЖДЕНИИ (устаревшее) |
| Местонахождение |
НБ СПбГУ |
| 942 ## - ДОПОЛНИТЕЛЬНЫЕ ЭЛЕМЕНТЫ ЗАПИСИ (АБИС) |
| Тип экземпляра АБИС |
Книга |
| 980 ## - КОЛЛЕКЦИЯ |
| Название коллекции |
Национальная библиография |